01177nab a22002297a 4500003000400000005001700004008004100021040000700062100003500069245014500104260007300249300001300322500007300335505017600408505008900584650002900673650002800702650003900730650001900769650002500788773013400813OSt20260130210141.0190603e xxum|||| |||| 00| 0 spa d cPJ aDurand Mendióroz, José E. 10aSobre los alcances de los términos "mujer" y "sexo" :buna sentencia en línea con la tradición inglesa /cJosé E. Durand Mendioroz.  cCiudad Autónoma de Buenos Aires :aThomson Reuters La Ley, b2025. ap. 69-84 aCita: TR LALEY AR/DOC/2246/2025 Publicado en: RCCyC 2025 (Octubre). aSumario: I. Prolegómenos.— II. Los fundamentos del fallo.— III. Situaciones que dependen de la interpretación de "sexo" y "mujer".— IV. Consideraciones finales.  t¿Te interesa el texto completo? Solicitalo al correo: koha@justierradelfuego.gov.ar 0aCODIGO CIVIL Y COMERCIAL 0aPERSPECTIVA DE GÉNERO 0aDERECHO A LA IDENTIDAD DE GÉNERO 0aDISCRIMINACION 0aIGUALDAD ANTE LA LEY0 02713dCiudad Autónoma de Buenos Aires : Thomson Reuters La Ley, 2015-tRevista Código Civil y Comercial. Nº 5 - Octubre 2025